| 000 | 00598nam a2200229Ia 4500 | ||
|---|---|---|---|
| 003 | OSt | ||
| 005 | 20230606054718.0 | ||
| 008 | 210423s2009 xx 000 0 und d | ||
| 020 | _a9788175347717 | ||
| 040 | _cAL | ||
| 041 | _aeng | ||
| 082 |
_a340 _223 _bKUMP |
||
| 100 |
_aKUMAR (H L) _9119755 |
||
| 245 | _aPayment of grativity act and rules | ||
| 260 |
_aNew Delhi _bUniversal Law Publications _c2009 |
||
| 300 |
_axxiv,155 _bBP |
||
| 365 |
_b160 _cINR |
||
| 650 |
_aLaw _9119756 |
||
| 650 |
_aSocial Sciences _9119757 |
||
| 906 | _aact ; grativity ; Payment ; rules | ||
| 942 |
_2ddc _cBK |
||
| 999 |
_c175731 _d175731 |
||